000 00833nam a22002417a 4500
003 0
005 20250822093027.0
008 250822b xxu||||| |||| 00| 0 eng d
020 _a978-1-03-227142-2
050 _aPE 2751
_b.B35 2025
100 _aBaker, Will,
_eauthor.
245 _aGlobal Englishes /
_cWill Baker, Tomokazu Ishikawa, and Jennifer Jenkins.
260 _aNew York, NY :
_bRoutledge,
_c2025.
300 _avi, 166 pages ;
_c22 cm.
504 _aIncludes bibliographical references and index.
650 _aEnglish language
_xVariation
_xInternational.
650 _aEnglish language
_xStudy and teaching
_vForeign speakers.
650 _aEnglish language
_xGlobalization.
650 _aApplied linguistics.
700 _aIshikawa, Tomokazu,
_eauthor.
700 _aJenkins, Jennifer,
_eauthor.
942 _2lcc
_cBK
999 _c367559
_d367559